Ecole : Citation lettre à lettre - Statistiques

Statistiques générales
  • Ce quiz a été pris 230 fois
  • Le résultat moyen est 27 sur 55
Statistiques - réponses
Lettre Question Réponse % Correct
S Ne pas aller en cours Sécher
91%
S Instrument d'écriture Stylo
91%
T Pour ranger les crayons Trousse
91%
L Etablissement du second degré Lycée
89%
C Etablissement du second degré Collège
88%
E 2e langue étrangère la plus enseignée en France Espagnol
88%
A 3e langue étrangère enseignée en France Allemand
83%
S Physiques, naturelles ou de la Terre ? Sciences
83%
I 4e langue étrangère enseignée en France Italien
82%
D Travail à la maison Devoirs
80%
M Accueille les petits Maternelle
74%
R Double décimètre... Règle
73%
C Restaurant de l'écolier Cantine
72%
E Elle est physique et sportive parfois Education
71%
D Il représente la classe Délégué
70%
E Bâtiment scolaire Ecole
70%
G Pour effacer Gomme
70%
H Associée à la géo Histoire
69%
M Zéro est une *** note Mauvaise
68%
N De 0 à 20 Note
68%
E Elève du primaire Ecolier
66%
E Travail personnel à présenter devant sa classe Exposé
66%
U Marque de colle UHU
65%
E Fréquente l'université Etudiant
63%
L Diplôme universitaire Licence
63%
T Tromper le professeur Tricher
63%
I Enseignant du primaire Instituteur
57%
S Souvent fluo Surligneur
53%
E Professeur par exemple Enseignant
49%
A Part des mathématiques Algèbre
47%
I Contrôle les professeurs Inspecteur
47%
O Choix de la formation Orientation
43%
E Brevet ou baccalauréat Examen
42%
L Apprises par les écoliers Leçons
41%
O Enseignée en français Orthographe
39%
I Polytechnique ou Centrale en forment Ingénieurs
36%
A On y enseigne aux étudiants Amphithéâtre
32%
R Il est U pour les étudiants Resto
32%
S Lieu d'enseignement (3 mots) Salle de classe
23%
E Triangulaire Equerre
19%
L Français à l'école Littérature
19%
N Editeur scolaire Nathan
19%
E Partie d'un examen Epreuve
18%
J Publication de la classe Journal
18%
N Ancienne école des instituteurs Normale
18%
I Très utilisé pendant les confinements par les écoliers Internet
17%
D Indispensable au médecin Doctorat
15%
R Logement universitaire Résidence
15%
I Elève peu respectueux Insolent
12%
N Stade d'apprentissage Niveau
9%
Citation Les maîtres d'école sont des jardiniers en intelligence humaine
4%
E Surnom des étudiants en pharmacie Epicier
3%
T Indispensable au dessinateur Taille-crayon
3%
N L'école d'aujourd'hui l'est... Numérique
2%
N Autrefois utilisé pour faire de beaux titres Normographe
1%
Aucun quiz correspondant
Distribution des résultats
% des personnes avec chaque résultat
Percentile par nombre de réponses
Votre historique - résultats
Vous n’avez pas pris ce quiz